Benchmarking nástroj ke zvýšení konkurenceschopnosti
Tri základné typy benchmarkingu. Benchmarking ako účinný nástroj v rámci systému Balanced scorecard. Výhody použitia benchmarkingu.
Salvato in:
| Autore principale: | |
|---|---|
| Natura: | Capitolo di libro |
| Lingua: | ceco |
| Soggetti: | |
| Tags: |
Nessun Tag, puoi essere il primo ad aggiungerne!!
|
MARC
| LEADER | 00000naa$a2200000$$$4500 | ||
|---|---|---|---|
| 001 | 0024448 | ||
| 005 | 20231113115225.7 | ||
| 041 | 0 | |a cze | |
| 044 | |a CZ | ||
| 245 | 1 | 0 | |a Benchmarking nástroj ke zvýšení konkurenceschopnosti |c Jiří Kladiva |
| 520 | |a Tri základné typy benchmarkingu. Benchmarking ako účinný nástroj v rámci systému Balanced scorecard. Výhody použitia benchmarkingu. | ||
| 610 | 2 | 0 | |a metódy riadenia |
| 610 | 2 | 0 | |a benchmarking |
| 610 | 2 | 0 | |a logistika |
| 610 | 2 | 0 | |a konkurencieschopnosť |
| 610 | 2 | 0 | |a projekty |
| 610 | 2 | 0 | |a produktivita |
| 610 | 2 | 0 | |a plánovanie strategické |
| 610 | 2 | 0 | |a kontroling |
| 100 | 1 | |a Kladiva, Jiří | |